000 00334 a2200121 4500
001 55654
082 _a891.4397 IQR
090 _c34533
_d34533
100 _aIqrar Hussain Sheikh
245 _aMuskrahttoon ke darmiaan ; tanz wa mazah
_cIqrar Hussain Sheikh
_hUrdu
260 _aLahore
_bZyzzyua Publishing
_c2006
300 _a248 P
942 _aNUST-CAE
_k891.4397 IQR
999 _c290727
_d290727